|
|
|
|
| LEADER |
00889nam a2200241 a 4500 |
| 001 |
002506154-2 |
| 008 |
100401s1989 bg w 001 0 eng d |
| 040 |
|
|
|a MH-L
|c MH-L
|d BD-DhAAL
|
| 082 |
0 |
0 |
|a 345.5492
|2 20
|
| 245 |
1 |
0 |
|a DLR's 40-years criminal digest (1949-1988).
|
| 246 |
3 |
|
|a DLR's forty years criminal digest (1949-1988).
|
| 246 |
3 |
|
|a DLR's forty-year criminal digest (1949-1988)
|
| 250 |
|
|
|a 1st ed.
|
| 260 |
|
|
|a Dhaka :
|b Dhaka Law Reports,
|c 1989.
|
| 300 |
|
|
|a xvi, 596 p. ;
|c 26 cm.
|
| 504 |
|
|
|a Includes index.
|
| 541 |
1 |
|
|e 00010158
|
| 650 |
|
0 |
|a Criminal law
|z Bangladesh
|x Digests.
|
| 710 |
2 |
|
|a Dhaka Law Reports (Firm)
|
| 852 |
4 |
|
|a Ayesha Abed Library
|j General Shelf
|
| 942 |
0 |
0 |
|0 1
|
| 999 |
|
|
|c 7943
|d 7943
|
| 952 |
|
|
|0 0
|1 0
|2 ddc
|4 0
|6 345_549200000000000_DLR_1989
|7 0
|9 8941
|a BRACUL
|b BRACUL
|c GEN
|d 2010-04-04
|l 11
|m 58
|o 345.5492 DLR
|p 3010010158
|r 2024-02-08
|s 2024-01-28
|t 1
|w 2010-04-04
|y BK
|